00725nam a2200205 a 450000100100000000500170001000800410002702000150006804000250008308200160010810000170012424501140014126000410025530000380029650000210033450000730035550400400042870000290046870000220049700001382020200929163348.0091130s2001 xxuab 001 0 spa d a1567188265 aDO-SdBNPbspacBNPHU axxxxbW439c1 aWelch, R. W.13aEl cometa de Nostradamus :bagosto 2004 !impacto! /cR. W. Welch ; traductor Héctor Ramírez, Edgar Rojas. aEstados Unidos, :bLlewellyn,c2001. axv, 270 P. :bil., map. ;c23 cm. aIncluye índice aIncluye referencias bibliográficas y notas al pie de las páginas aIncluye bibliografía (p. 257-258)1 aRamírez, Héctoretr.1 aRojas, Edgaretr.